000 01111nam a22002777a 4500
005 20140304165434.0
008 140304b2008 ck ||||| ||||o00| 0 spa d
020 _a9789589868607
041 _aspa
044 _ack
082 0 0 _a331.918
_bC33p
100 1 _aCasallas-R, Richard
_915219
245 1 0 _aRios, humedales, chuchuas, pantanos, camellones y lagunas :
_bpalabras que han recreado la memoria histórica de la Localidad de Bosa
_cRichardCasallas ...[et al].
260 _aBogotá
_bEmpresa de Acueducto y Alcantarillado de Bogotá
_bTibanika Fundación Ambiental
_c2008
300 _a53 p.
_bfot.
_c22 cm.
650 6 _aTierras humedas
_zBogotá (Colombia)
_915220
650 6 _aDiversidad biológica
_zBogotá (Colombia)
_915221
650 _aRios
_zBogotá (Colombia)
_915222
650 _aHumedales
_zBogotá (Colombia)
_915223
650 _aChucuas
_zBogotá (Colombia)
_915224
650 _aPantanos
_zBogotá (Colombia)
_915225
650 _aCamellones
_zBogotá (Colombia)
_915226
650 _aLagunas
_zBogotá (Colombia)
_915227
700 1 _aBuitrago-C, Luz Marina
_915228
942 _2ddc
_cImpreso
999 _c8219
_d8219